| 000 | 01041nam a2200289 a 4500 | ||
|---|---|---|---|
| 001 | 000047574 | ||
| 003 | DO-SdBNP | ||
| 005 | 20251106115948.0 | ||
| 007 | ta | ||
| 008 | 180703s2017 dr a 000 spa d | ||
| 040 |
_aDO-SdBNP _bspa _cBNPHU |
||
| 082 | 4 |
_222 _a352.48 _bR426c 2017 |
|
| 110 | 1 |
_aRepública Dominicana. _bDirección General de Presupuesto _974075 |
|
| 245 | 0 |
_aConozcamos el presupuesto : _bpresupuesto ciudadano 2017. |
|
| 260 |
_aSanto Domingo : _bDirección General de Presupuesto, _c2017. |
||
| 300 |
_a38 p. : _bil. ; _c22 cm. |
||
| 590 | _aInventariado,2018/DG | ||
| 650 | 4 |
_aAdministración pública _zRepública Dominicana _2LEMB _99266 |
|
| 650 | 7 |
_aPresupuesto _zRepública Dominicana _2LEMB _97940 |
|
| 650 | 7 |
_aGastos públicos _zRepública Dominicana _2LEMB _980200 |
|
| 700 | 1 |
_aCarrasco, Mercedes, _ecoord. _974078 |
|
| 700 | 1 |
_aSuero, Pamela _974077 |
|
| 700 | 1 |
_a Mariñas, María Dolores _980216 |
|
| 710 | 1 |
_aHernández, Cristien _980221 |
|
| 910 | _aValidado. Control de calidad. MAA | ||
| 942 |
_2ddc _cLF2 |
||
| 999 |
_c47062 _d47062 |
||